| 000 | 00543nam a2200205 i 4500 | ||
|---|---|---|---|
| 001 | 29900 | ||
| 003 | ES-MaACL | ||
| 005 | 20231224062916.0 | ||
| 007 | t| | ||
| 008 | 030123s1960 sp ||||1| spa d | ||
| 100 | 1 |
_aBaroja, Pío, _d1872-1956 _925752 |
|
| 245 | 1 | 0 |
_aParadox, rey / _cPío Baroja. |
| 250 | _a3ª ed. | ||
| 260 |
_aMadrid : _bEspasa-Calpe, _c[1960] |
||
| 300 |
_a216 p. ; _c18 cm. |
||
| 490 | 1 | _aColección austral | |
| 830 | 0 |
_aColección austral _9177655 |
|
| 852 |
_aES-MaACL _jC-19769 _bR.47189 |
||
| 999 |
_c29900 _d29900 |
||